Countries Containing K - One Minute Sprint - Statistics

General Stats
  • This quiz has been taken 123 times
  • The average score is 11 of 20
Answer Stats
Country % Correct
Kazakhstan
88%
Kenya
87%
Kiribati
85%
Kyrgyzstan
82%
Kuwait
72%
Kosovo
71%
United Kingdom
65%
Turkmenistan
62%
Tajikistan
60%
Uzbekistan
55%
Turkey
51%
Pakistan
50%
Ukraine
48%
St Kitts and Nevis
45%
Slovakia
41%
North Korea
39%
South Korea
33%
Burkina Faso
28%
Denmark
27%
Sri Lanka
26%
No matching quizzes found
Score Distribution
Percent of People with Each Score
Percentile by Number Answered
Your Score History
You have not taken this quiz